<?xml version="1.0" encoding="UTF-8"?>
<record
    xmlns:xsi="http://www.w3.org/2001/XMLSchema-instance"
    xsi:schemaLocation="http://www.loc.gov/MARC21/slim http://www.loc.gov/standards/marcxml/schema/MARC21slim.xsd"
    xmlns="http://www.loc.gov/MARC21/slim">

  <leader>00944nam a2200229Ia 4500</leader>
  <controlfield tag="003">IN-BaIIA</controlfield>
  <controlfield tag="008">211028s9999    xx            000 0 eng d</controlfield>
  <datafield tag="020" ind1=" " ind2=" ">
    <subfield code="a">81-900378-3-8</subfield>
  </datafield>
  <datafield tag="040" ind1=" " ind2=" ">
    <subfield code="c">IIA Library</subfield>
  </datafield>
  <datafield tag="080" ind1=" " ind2=" ">
    <subfield code="a">524.834(082.1)</subfield>
    <subfield code="b">GRA</subfield>
  </datafield>
  <datafield tag="111" ind1=" " ind2=" ">
    <subfield code="a">International Conference on General Relativity and Gravitation</subfield>
    <subfield code="n">15th</subfield>
    <subfield code="c">Pune, India</subfield>
    <subfield code="d">1997 Dec.16-21</subfield>
    <subfield code="9">25901</subfield>
  </datafield>
  <datafield tag="245" ind1=" " ind2="0">
    <subfield code="a">Gravitation and relativity</subfield>
    <subfield code="b">at the turn of the millenium; proceedings of the 15th International conference on general relativity and gravitation held in Pune, India, December 16-21, 1997</subfield>
    <subfield code="c">edited by N. Dadhich and J. Narlikar</subfield>
  </datafield>
  <datafield tag="260" ind1=" " ind2=" ">
    <subfield code="a">Pune</subfield>
    <subfield code="b">Inter-University Centre for Astronomy and Asrophysics</subfield>
    <subfield code="c">1998</subfield>
  </datafield>
  <datafield tag="300" ind1=" " ind2=" ">
    <subfield code="a">iii, 510p.</subfield>
  </datafield>
  <datafield tag="650" ind1=" " ind2=" ">
    <subfield code="a">Colliding black holes</subfield>
    <subfield code="9">25902</subfield>
  </datafield>
  <datafield tag="650" ind1=" " ind2=" ">
    <subfield code="a">Cosmic Illusions</subfield>
    <subfield code="9">25903</subfield>
  </datafield>
  <datafield tag="650" ind1=" " ind2=" ">
    <subfield code="a">Cosmology</subfield>
  </datafield>
  <datafield tag="650" ind1=" " ind2=" ">
    <subfield code="a">Quantum gravity</subfield>
    <subfield code="9">10418</subfield>
  </datafield>
  <datafield tag="700" ind1=" " ind2=" ">
    <subfield code="a">Dadhich, N., ed.</subfield>
    <subfield code="9">25904</subfield>
  </datafield>
  <datafield tag="700" ind1=" " ind2=" ">
    <subfield code="a">Narlikar, J., ed.</subfield>
    <subfield code="9">25905</subfield>
  </datafield>
  <datafield tag="942" ind1=" " ind2=" ">
    <subfield code="c">BK</subfield>
  </datafield>
  <datafield tag="999" ind1=" " ind2=" ">
    <subfield code="c">14562</subfield>
    <subfield code="d">14562</subfield>
  </datafield>
  <datafield tag="952" ind1=" " ind2=" ">
    <subfield code="0">0</subfield>
    <subfield code="1">0</subfield>
    <subfield code="4">0</subfield>
    <subfield code="7">0</subfield>
    <subfield code="a">BAN</subfield>
    <subfield code="b">BAN</subfield>
    <subfield code="c">GEN</subfield>
    <subfield code="d">2002-04-11</subfield>
    <subfield code="l">0</subfield>
    <subfield code="o">524.834(082.1)/ GRA</subfield>
    <subfield code="p">15484</subfield>
    <subfield code="r">2021-11-05</subfield>
    <subfield code="w">2002-04-11</subfield>
    <subfield code="y">BK</subfield>
  </datafield>
</record>
